000 01453nam a2200361Ia 4500
001 ebr10554004
003 CaPaEBR
006 m u
007 cr cn|||||||||
008 060428s2007 laua sb 000 0 eng d
010 _z 2006014073
020 _z0807132063
020 _z9780807132067
020 _z9780807148983
040 _aCaPaEBR
_cCaPaEBR
035 _a(OCoLC)781615081
050 1 4 _aJK2255
_b.P33 2007eb
245 0 0 _aRewiring politics
_h[electronic resource] :
_bpresidential nominating conventions in the media age /
_cedited by Costas Panagopoulos.
260 _aBaton Rouge :
_bLouisiana State University Press,
_cc2007.
300 _aviii, 212 p. :
_bill.
490 1 _aMedia and public affairs
504 _aIncludes bibliographical references.
533 _aElectronic reproduction.
_bPalo Alto, Calif. :
_cebrary,
_d2011.
_nAvailable via World Wide Web.
_nAccess may be limited to ebrary affiliated libraries.
650 0 _aMass media
_xPolitical aspects
_zUnited States.
650 0 _aNominations for office
_zUnited States.
650 0 _aPolitical conventions
_zUnited States.
650 0 _aPresidents
_zUnited States
_xElection.
655 7 _aElectronic books.
_2local
700 1 _aPanagopoulos, Costas.
710 2 _aebrary, Inc.
830 0 _aMedia & public affairs.
856 4 0 _uhttp://site.ebrary.com/lib/rucke/Doc?id=10554004
_zAn electronic book accessible through the World Wide Web; click to view
999 _c90899
_d90899